000 00212nam a2200085Ia 4500
008 120527s9999 xx 000 0 und d
100 _aMansfield E.
245 _aMicro economics; theory and application
942 _cBK
999 _c27175
_d27175